| 000 | 00393 a2200145 4500 | ||
|---|---|---|---|
| 082 | _a327 | ||
| 090 |
_c6931 _d6931 |
||
| 100 | _aEmbassy of pakistan | ||
| 245 |
_aSixty years of Pakistan-China friendship _cEmbassy of pakistan |
||
| 260 |
_aChina _bEmbassy of pakistan _c2011 |
||
| 300 | _a190 p. | ||
| 650 | _aPakistan--China friendship | ||
| 700 | _aEmbassy of pakistan | ||
| 942 |
_cBK _k327 PAK |
||
| 999 |
_c10740 _d10740 |
||